LEADER 01449nas 2200469- 450 001 996320944203316 005 20200911055806.6 011 $a2182-696X 035 $a(OCoLC)947094604 035 $a(CKB)3710000000587105 035 $a(CONSER)--2017240224 035 $a(EXLCZ)993710000000587105 100 $a20160309a20119999 --- - 101 0 $aeng 135 $aurcnu|||||||| 181 $ctxt$2rdacontent 182 $cc$2rdamedia 183 $acr$2rdacarrier 200 00$aJournal of aging and innovation 210 1$a[Lisbon] Portugal :$cAssociação Amigos da Grande Idade -- Innovação e Desenvolvimento,$d2011- 210 31$a[Lisbon] Portugal :$cConselho Editorial da JAI 311 $a2182-6951 517 1 $aJAI 606 $aAging$vPeriodicals 606 $aOlder people$vPeriodicals 606 $aGerontology$vPeriodicals 606 $aAging$2fast$3(OCoLC)fst00800293 606 $aGerontology$2fast$3(OCoLC)fst00942204 606 $aOlder people$2fast$3(OCoLC)fst01199093 608 $aPeriodicals.$2fast 608 $aElectronic journals 615 0$aAging 615 0$aOlder people 615 0$aGerontology 615 7$aAging. 615 7$aGerontology. 615 7$aOlder people. 712 02$aAssociação Amigos da Grande Idade-Innovação e Desenvolvimento, 906 $aJOURNAL 912 $a996320944203316 996 $aJournal of aging and innovation$92576801 997 $aUNISA